Amor y basketball = Love and Basketball /

Gorde:
Xehetasun bibliografikoak
Egile nagusia: Prince-Bythewood, Gina (realización)
Beste egile batzuk: Prince-Bythewood, Gina (guión) (guión), Villalobos, Reynaldo (fotógrafo) (fotógrafo), Carter, Ruth E. (vestuario) (vestuario), Shropshire, Terilyn A. (montaje) (montaje), Blanchard, Terence (música) (música), Epps, Omar (actuación) (actuación), Lathan, Sanaa (actuación) (actuación), Woodard, Alfree (actuación) (actuación), Prince-Bythewood, Gina (comentarios) (comentarios), Lathan, Sanaa (comentarios) (comentarios)
Formatua: Diapositiba
Hizkuntza:ingelesa
Gaiak:
Etiketak: Etiketa erantsi
Etiketarik gabe, Izan zaitez lehena erregistro honi etiketa jartzen!

MARC

LEADER 00000ngm^a2200000^a^4500
001 000430703
005 20250521000000.0
009 20260310122929.367
037 |a Acervo ITESO - Biblioteca 
041 |a ING 
082 |a 819. 5  |b PRI 
100 |a Prince-Bythewood, Gina  |e (realización) 
240 1 1 |a [Amor y basketball] 
245 1 0 |a Amor y basketball =  |b Love and Basketball /  |c Realización de G. Prince-Bythewood. 
246 2 |a Título en México: no conocido/no identificado 
246 2 |a Título alternativo en español (España): Love and Basketball 
246 2 |a Título en la pantalla: Amor y basketball 
246 2 |a Título en la cubierta: Love and Basketball 
264 2 |a Los Angeles, EUA :  |b Warner Brothers [distribución],  |c 2015, c2015 
300 |a 1 blu-ray sin dato de región (125 min.) :  |b color 
336 |a imagen móvil bidimensional  |b tdi  |2 rdacontenido 
337 |a video  |b v  |2 rdamedio 
338 |a videodisco  |b vd  |2 rdasoporte 
546 |a En inglés, con subtítulos opcionales: español, francés, inglés 
546 |a Doblaje opcional: español 
586 |a Premio Spirit, del Cine Independiente Norteamericano (16°: 2001): Mejor Opera Prima (finalista) 
586 |a Mejores Películas de la Historia Dirigidas por Mujeres: Selección del portal IndieWire (2019): 73ª 
649 |a XX 
650 |a Deportistas en el Cine 
650 |a Deportistas Afroamericanos -  |x Condiciones Sociales y Culturales 
650 |a Deportistas Norteamericanos -  |x Condiciones Sociales y Culturales -  |x Tema Principal 
650 |a Mujeres Afroamericanas -  |x Condiciones Sociales y Culturales 
650 |a Mujeres Norteamericanas -  |x Condiciones Sociales y Culturales -  |x Tema Principal 
650 |a Cine Social y Político 
650 |a Melodramas 
650 |a Dramas Cinematográficos 
650 |a Opera Prima 
650 |a Cine Afroamericano -  |z EUA 
650 |a Cine de Mujeres -  |z EUA 
650 |a Cine Independiente -  |z EUA 
650 |a Cine Norteamericano -  |y 2000-2009 
650 |a Cine Norteamericano -  |y Siglo XXI 
650 |a Educación Sentimental -  |x Tema Principal 
650 |a Roles de Género 
650 |a Basquetbol -  |z EUA -  |x Aspectos Sociales y Culturales -  |x Tema Principal 
650 |a Deportes -  |z EUA -  |x Aspectos Sociales y Culturales 
650 |a Igualdad y Desigualdad -  |z EUA 
650 |a Problemas Sociales -  |z EUA 
650 |a Barcelona, España en el Cine 
650 |a España en el Cine 
700 |a Prince-Bythewood, Gina  |e (guión) 
700 |a Villalobos, Reynaldo  |e (fotógrafo) 
700 |a Carter, Ruth E.  |e (vestuario) 
700 |a Shropshire, Terilyn A.  |e (montaje) 
700 |a Blanchard, Terence  |e (música) 
700 |a Epps, Omar  |e (actuación) 
700 |a Lathan, Sanaa  |e (actuación) 
700 |a Woodard, Alfree  |e (actuación) 
700 |a Prince-Bythewood, Gina  |e (comentarios) 
700 |a Lathan, Sanaa  |e (comentarios) 
910 |a Fondo General 
920 |a Audiovisuales - Blu-rays 
940 |a Películas 
905 |a 303 
901 |a 0500349465  |b IT2  |c BRS  |i C173070  |u 20250521 
901 |a 0500349464  |b IT2  |c BRS  |i C172474  |u 20250521 
902 |a https://opac.biblio.iteso.mx/vufind/Record/000430703